书目信息 |
| 题名: |
百年印潮涌西泠
|
|
| 作者: | 陈博君 著 | |
| 分册: | ||
| 出版信息: | 北京 现代出版社 2018 |
|
| 页数: | 294页 | |
| 开本: | 24cm | |
| 丛书名: | ||
| 单 册: | ||
| 中图分类: | I253.4 , G239.22 | |
| 科图分类: | ||
| 主题词: | 纪实文学--中国--当代 | |
| 电子资源: | ||
| ISBN: | 978-7-5143-6834-5 | |
| 000 | 01053nam0 2200253 450 | |
| 001 | 2338656389 | |
| 005 | 20231127180236.54 | |
| 010 | @a978-7-5143-6834-5@dCNY65.00 | |
| 100 | @a20181129d2018 em y0chiy50 ea | |
| 101 | 0 | @achi |
| 102 | @aCN@b110000 | |
| 105 | @ay z 000yy | |
| 200 | 1 | @a百年印潮涌西泠@Abai nian yin chao yong xi ling@f陈博君著 |
| 210 | @a北京@c现代出版社@d2018 | |
| 215 | @a294页@d24cm | |
| 314 | @a陈博君,笔名真柏,中国作家协会会员,中国报告文学学会会员,中国文艺评论家协会会员,浙江省作家协会报告文学专委会委员,浙江省青年书法家协会理事等。代表作有《商战不倒翁》、《花花草草的七情六欲》等。 | |
| 330 | @a本书共分33个章节,由作者历经两年多时间的采访、写作而成。该作品以翔实的史实为基础,以生动的手法全景式展示了“天下第一名社”西泠印社从创社以来的100多年发展历程,是第一部全面描写西泠印社发展史的文学作品。 | |
| 601 | 02 | @a西泠印社@j史料 |
| 606 | 0 | @a纪实文学@y中国@z当代 |
| 690 | @aI253.4@v5 | |
| 690 | @aG239.22@v5 | |
| 701 | 0 | @a陈博君@Achen bo jun@4著 |
| 801 | 0 | @aCN@b91MARC@c20181129 |
| 905 | @aZUCC@dI253.4@e78 | |
| 百年印潮涌西泠/陈博君著.-北京:现代出版社,2018 |
| 294页;24cm |
| ISBN 978-7-5143-6834-5:CNY65.00 |
| 本书共分33个章节,由作者历经两年多时间的采访、写作而成。该作品以翔实的史实为基础,以生动的手法全景式展示了“天下第一名社”西泠印社从创社以来的100多年发展历程,是第一部全面描写西泠印社发展史的文学作品。 |
| ● |
| 相关链接 |
|
|
|
正题名:百年印潮涌西泠
索取号:I253.4/78
 
预约/预借
| 序号 | 登录号 | 条形码 | 馆藏地/架位号 | 状态 | 备注 |
| 1 | 2001005076 | 2001005076 | 315书库/四40架A面2层3列/ [索取号:I253.4/78] | 在馆 | |
| 2 | 2001005077 | 2001005077 | 315书库/四40架A面2层3列/ [索取号:I253.4/78] | 在馆 | |
| 3 | 2001005078 | 2001005078 | 315书库/四40架A面2层3列/ [索取号:I253.4/78] | 在馆 | |
| 4 | 2001005079 | 2001005079 | 315书库/四40架A面2层3列/ [索取号:I253.4/78] | 在馆 | |
| 5 | 2001005080 | 2001005080 | 315书库/四40架A面2层3列/ [索取号:I253.4/78] | 在馆 | |
| 6 | 2001005081 | 2001005081 | 315书库/四40架A面2层3列/ [索取号:I253.4/78] | 在馆 |